Đồ án môn học kết cấu bêtông Sàn sườn toàn khối loại bản dầm : Theeo TCXDVN 356:2005

Tài liệu này chỉ trình bày những vấn đề cơ bản khi tính toán thiết kế sàn sườn toán khối loại bản dầm, tóm tắt các bước thực hiện đồ án và một thí dụ tính toán cụ thể. Do vậy, sinh viên cần tham khảo thêm các giáo trình "Kết ca...

Full description

Saved in:
Bibliographic Details
Main Author: Võ Bá Tầm
Other Authors: Hồ Đức Duy
Format: Book
Language:Vietnamese
Published: H. Xây dựng 2014
Edition:Tái bản
Subjects:
Tags: Add Tag
No Tags, Be the first to tag this record!
Institutions: Thư viện Trường Đại học Nam Cần Thơ
LEADER 01647nam a22002297a 4500
001 NCT_36605
008 180523b xxu||||| |||| 00| 0 vie d
999 |c 1766  |d 1766 
020 |c 38000 
082 0 4 |2 23rd ed.  |a 624.1834  |b T120 
100 1 |a Võ Bá Tầm 
245 1 0 |a Đồ án môn học kết cấu bêtông Sàn sườn toàn khối loại bản dầm :  |b Theeo TCXDVN 356:2005  |c Võ Bá Tầm, Hồ Đức Duy 
250 |a Tái bản 
260 |a H.  |b Xây dựng  |c 2014 
300 |a 119 tr.  |b Minh họa  |c 24cm 
520 3 |a Tài liệu này chỉ trình bày những vấn đề cơ bản khi tính toán thiết kế sàn sườn toán khối loại bản dầm, tóm tắt các bước thực hiện đồ án và một thí dụ tính toán cụ thể. Do vậy, sinh viên cần tham khảo thêm các giáo trình "Kết cấu bêtông cốt thép". Trong khi biên soạn, chúng tối chú trọng niều đến kỹ năng thực hành với những giải thích ngắn gọn và minh họa cấu tạo bêtông cốt thép 
653 |a Kỹ thuật công trình xây dựng 
700 1 |a Hồ Đức Duy 
942 |2 ddc  |c BK 
952 |0 0  |1 0  |2 ddc  |4 0  |6 624_183400000000000_T120  |7 0  |9 8716  |a 000001  |b 000001  |d 2018-05-23  |o 624.1834 T120  |p MD.11292  |r 2018-05-23  |w 2018-05-23  |y BK 
952 |0 0  |1 0  |2 ddc  |4 0  |6 624_183400000000000_T120  |7 0  |9 8717  |a 000001  |b 000001  |d 2018-05-23  |l 2  |m 1  |o 624.1834 T120  |p MD.11293  |r 2020-06-19  |s 2020-06-05  |w 2018-05-23  |y BK 
980 |a Thư viện Trường Đại học Nam Cần Thơ